Joueurs de football par images - I - Statistiques

Statistiques générales
  • Ce quiz a été pris 1 435 fois
  • Le résultat moyen est 10 sur 20
Statistiques - réponses
Par images Réponse % Correct
Iniesta
98%
Zlatan Ibrahimović
98%
Mauro Icardi
91%
Ciro Immobile
86%
Isco
86%
Alexander Isak
75%
Lorenzo Insigne
74%
Jonathan Ikoné
68%
Filippo Inzaghi
60%
Junya Ito
58%
Alex Iwobi
44%
Josip Iličić
37%
Danny Ings
35%
Branislav Ivanović
29%
Giannelli Imbula
29%
Asier Illaramendi
22%
Odion Ighalo
21%
Gökhan Inler
16%
Mauricio Isla
12%
Vincenzo Iaquinta
5%
Aucun quiz correspondant
Distribution des résultats
% des personnes avec chaque résultat
Percentile par nombre de réponses
Votre historique - résultats
Vous n’avez pas pris ce quiz